К вопросу о введении газовых углей Ленинского месторождения в коксовую шихту; Тезисы докладов к совещанию по циклическому сырью

書誌詳細
Parent link:Тезисы докладов к совещанию по циклическому сырью.— 1938.— С. 10-13
第一著者: Геблер И. В.
言語:ロシア語
出版事項: 1938
主題:
フォーマット: MixedMaterials 図書の章
KOHA link:https://koha.lib.tpu.ru/cgi-bin/koha/opac-detail.pl?biblionumber=593570

MARC

LEADER 00000naa0a2200000 4500
001 593570
005 20250606135039.0
035 |a (RuTPU)RU\TPU\tpu\7074 
090 |a 593570 
100 |a 20011210d1938 k||y0rusy50 ca 
101 0 |a rus 
102 |a RU 
200 1 |a К вопросу о введении газовых углей Ленинского месторождения в коксовую шихту  |f И. В. Геблер 
463 |t Тезисы докладов к совещанию по циклическому сырью  |v С. 10-13  |d 1938 
610 1 |a химическая промышленность 
610 1 |a труды учёных ТПУ 
700 1 |a Геблер  |b И. В. 
801 0 |a RU  |b 63413507  |c 20011210  |g PSBO 
801 2 |a RU  |b 63413507  |c 20090331  |g PSBO 
850 |a 63413507 
942 |c BK